AFLCA Champion Player Award - Statistics

General Stats
  • This quiz has been taken 36 times
    11 since last reset
  • The average score is 19 of 26
Answer Stats
Year Club Answer % Correct
2017 Richmond Dustin Martin
100%
2025 Geelong Bailey Smith
91%
2021 Melbourne Clayton Oliver
91%
2022 Melbourne Clayton Oliver
91%
2007 Geelong Gary Ablett Jr
91%
2008 Geelong Gary Ablett Jr
91%
2009 Geelong Gary Ablett Jr
91%
2020 Brisbane Lachie Neale
91%
2019 Western Bulldogs Marcus Bontempelli
91%
2018 Melbourne Max Gawn
91%
2024 Collingwood Nick Daicos
91%
2025 Gold Coast Noah Anderson
91%
2023 Port Adelaide Zak Butters
91%
2006 Sydney Adam Goodes
82%
2003 Collingwood Nathan Buckley
82%
2013 Collingwood Scott Pendlebury
82%
2022 Gold Coast Touk Miller
82%
2010 Collingwood Dane Swan
73%
2016 Geelong Patrick Dangerfield
73%
2012 Richmond Trent Cotchin
73%
2014 Port Adelaide Robbie Gray
55%
2011 Carlton Marc Murphy
45%
2004 Port Adelaide Warren Tredrea
36%
2015 Sydney Dan Hannebery
9%
2006 Adelaide Simon Goodwin
9%
2005 Sydney Barry Hall
0%
No matching quizzes found
Score Distribution
Percent of People with Each Score
Percentile by Number Answered
Your Score History
You have not taken this quiz since the last reset